000 00302nam a2200133 i 4500
001 bg
100 1 _aJełowicki, Marcin.
245 1 0 _aTeoria organizacji /
_cM. Jełowicki.
260 _aLublin,
_c1978.
040 _cBPK
041 _apol
942 _cKS
008 s pl f |000 0 pol
999 _c18640
_d18640
856 _uhttp://koha.tu.koszalin.pl/cgi-bin/koha/opac-detail.pl?biblionumber=18640
_yKatalog online BPK